Spell the Marvel Character #400 - Statistics

General Stats
  • This quiz has been taken 20 times
  • The average score is 6 of 10
Answer Stats
Picture Answer % Correct
Baymax
95%
Iceman
95%
Nightcrawler
90%
Darwin
55%
Fantomex
50%
Oya
45%
Blindfold
40%
Dust
40%
Lifeguard
35%
Loa
35%
No matching quizzes found
Score Distribution
Percent of People with Each Score
Percentile by Number Answered
Your Score History
You have not taken this quiz